Score 0/22 Timer 02:00
2 Plays Today
Hint 4-Letter Word % Correct
Fourth planet from the sunMARS
99.2%
Earth's natural satelliteMOON
95.1%
Female horseMARE
94.4%
Additional amountMORE
92.9%
Early part of day in poetryMORN
91.1%
GlanceLOOK
90.5%
Key's partnerLOCK
87.5%
Crazy birdLOON
87.5%
Where students liveDORM
87.2%
Opening to a roomDOOR
86.3%
Impending disasterDOOM
84.2%
Hint 4-Letter Word % Correct
Like a lemonSOUR
82.4%
Not too hot, not too coldWARM
82.3%
Type of hole between spacial placesWORM
80.5%
What an eagle doesSOAR
79.5%
SullenDOUR
77.2%
Missing somethingLACK
74.5%
___ matter: 27% of the universeDARK
73.8%
Skin blemishWART
73.7%
Early birdLARK
69.1%
Move swiftlyDART
65.8%
Giant body of gasSTAR
49.8%

Today's Daily Dose

Remove Ads.
Support Sporcle.
Get the best of Sporcle when you Go Orange. This ad-free experience offers more features, more stats, and more fun while also helping to support Sporcle. Thank you for becoming a member.

You're not logged in!

Compare scores with friends on all Sporcle quizzes.
OR
Log In

Show Comments

Extras

Top Quizzes Today


Score Distribution

Your Account Isn't Verified!

In order to create a playlist on Sporcle, you need to verify the email address you used during registration. Go to your Sporcle Settings to finish the process.

Report this User

Report this user for behavior that violates our Community Guidelines.

Details: